[Event "GCT Saint Louis Blitz 2018"]
[Site "Saint Louis"]
[Date "2018.08.14"]
[Round "13"]
[White "Dominguez Perez, Leinier"]
[Black "Karjakin, Sergey"]
[Result "1/2-1/2"]
[WhiteElo "2687"]
[BlackElo "2898"]
[Annotator "TA"]
[PlyCount "74"]
[EventDate "2018.08.14"]
[EventType "tourn"]
[EventCountry "USA"]
[SourceTitle "playchess.com"]
[Source "ChessBase"]
[SourceQuality "1"]

{[%evp 28,74,29,0,0,0,0,0,0,0,0,0,0,0,4,0,0,0,0,0,0,0,0,0,39,39,39,39,43,0,0,0,0,0,0,0,0,0,0,0,41,0,0,0,52,0,0,0,38]} 1. d4 Nf6 2. Nf3 d5 3. c4 e6 4. g3 Bb4+ 5. Bd2 Be7 6. Bg2 O-O 7. O-O Nbd7 8. Qc2 c6 9. Rd1 b6 10. Bf4 Ba6 {E08: Closed Catalan: Main Line: 7 Qc2} 11. cxd5 cxd5 12. Ne5 Nxe5 13. dxe5 Rc8 14. Nc3 Ng4 15. h3 {LiveBook: 3 Games} Nxf2 $1 16. Kxf2 Bc5+ 17. Be3 Bxe3+ 18. Kxe3 {[#]} b5 $146 {[%cal Bb6b5,Bb5b4][%mdl 32]} 19. Qd2 Qb6+ 20. Qd4 Qb8 $1 $132 {[%mdl 2048] Black puts up resistance} 21. Kf2 b4 {[#] Strongly threatening ...f6.} 22. Nb1 f6 23. Qe3 fxe5+ 24. Kg1 e4 {[%cal Be5e4,Be4e3][%mdl 32]} 25. Nd2 Qb6 26. Qxb6 axb6 27. Bf1 Rc2 28. Rab1 e3 29. Nb3 {[#] Hoping for Nd4.} Bxe2 30. Bxe2 Rxe2 31. Nd4 Ref2 {Threatens to win with ...e5.} 32. Re1 Rd2 33. Nb3 (33. Nxe6 $2 Rf3 $17) 33... Rc2 {aiming for ...Rf3.} 34. Nd4 Rd2 35. Nb3 ({Not} 35. Nxe6 $2 Rf3 $19) (35. Red1 $11) 35... Rc2 $14 {White must now prevent ...Rf3.} 36. Nd4 ({White should play} 36. Rxe3 $14 Rff2 37. Nd4 (37. Rxe6 Rg2+ 38. Kf1 Rh2 $11)) 36... Rd2 $11 37. Nb3 (37. Nxe6 $2 Rf3 $17) 37... Rc2 {Precision: White = 72%, Black = 88%.} 1/2-1/2

[Event "GCT Saint Louis Blitz 2018"]
[Site "Saint Louis"]
[Date "2018.08.14"]
[Round "14"]
[White "Karjakin, Sergey"]
[Black "Aronian, Levon"]
[Result "1-0"]
[WhiteElo "2898"]
[BlackElo "2871"]
[Annotator "TA"]
[PlyCount "179"]
[EventDate "2018.08.14"]
[EventType "tourn"]
[EventCountry "USA"]
[SourceTitle "playchess.com"]
[Source "ChessBase"]
[SourceQuality "1"]

{[%evp 19,179,6,4,0,0,-8,-12,-10,6,-8,0,0,0,-14,10,5,153,143,157,156,182,194,202,191,195,185,187,148,149,137,164,162,164,148,183,153,147,153,158,164,164,166,163,125,112,137,219,221,227,198,187,125,298,279,403,294,294,294,461,461,535,527,595,494,496,474,720,692,675,327,737,250,250,250,250,237,237,234,245,245,237,235,232,241,241,240,219,220,247,238,272,271,302,285,318,229,309,292,316,306,294,250,248,237,233,220,435,198,212,191,350,291,381,323,366,364,357,341,290,265,429,387,375,376,364,399,516,503,479,461,653,634,777,876,843,833,856,808,703,702,698,8,8,0,454,572,576,645,762,70,71,72,2672,2587,29971,29971,29972,29973,29980,29972,29991,29992]} 1. c3 e5 2. d4 exd4 3. cxd4 d5 4. Nc3 c6 5. Bf4 Bd6 6. Bxd6 Qxd6 7. e3 Ne7 8. Bd3 {D31: Queen's Gambit Declined: Semi-Slav without ...Nf6 (+ Marshall Gambit and Noteboom) and Exchange Variation lines without ...Nf6} Bf5 9. Nge2 Nd7 (9... O-O 10. O-O {½-½ (10) Ortiz Suarez,I (2598)-Bruzon Batista,L (2707) Cochabamba 2013}) 10. O-O O-O {LiveBook: 5 Games} 11. Nf4 Rfe8 12. Qd2 $146 ({Predecessor:} 12. Rb1 Qf6 13. Qc2 Bxd3 14. Nxd3 Nf5 15. Ne2 Qg5 {½-½ (36) Aghasaryan,R-Kigel,D Urgup 2004}) 12... Nb6 13. b3 a5 14. a4 Qh6 15. Nce2 Nbc8 16. b4 axb4 17. Qxb4 {next Bxf5 is good for White.} Qd6 (17... Nd6 $11) 18. Qxb7 $16 Rb8 19. Qa6 g5 20. Bxf5 Nxf5 21. Nd3 Nb6 22. Ne5 f6 23. Nxc6 Qxc6 24. a5 {aiming for Rfb1.} Nd6 25. axb6 Rxb6 26. Qd3 Qc4 27. Qxc4 dxc4 28. Nc3 {Black must now prevent Nd5.} Rb3 29. Rfc1 f5 30. Ra5 h6 31. h4 f4 32. Nd5 Kf7 (32... Reb8 $16) 33. Ra7+ $18 Kf8 34. Ra6 Rd8 35. exf4 (35. h5 $18) 35... Ne4 $2 (35... gxh4 $16 {is a better defense.} 36. Ne3 c3) 36. Nc7 Kf7 (36... Rd6 $142 37. Rxd6 (37. Rxc4 Rxa6 38. Nxa6 gxh4 $16) 37... Nxd6 38. fxg5 hxg5 39. Ne6+ Ke7) 37. hxg5 hxg5 38. Ne6 Rc8 (38... Rg8 $142 39. Nxg5+ Nxg5) 39. fxg5 {[%cal Bf4g5,Bg5g6][%mdl 32]} c3 {[#]} 40. g6+ $1 Ke7 {intending ...c2.} (40... Kxg6 41. Nc5+) 41. g7 Kf7 42. d5 Nf6 (42... Nc5 $142) 43. Ra7+ Kg8 44. d6 (44. Nd4 $142) 44... Rb6 $2 (44... c2) 45. Rc7 $2 (45. Nd4) 45... Rxc7 46. dxc7 {[%mdl 4096] Endgame KRN-KRN} Rc6 47. Nd4 Rxc7 48. Nb5 Rc5 49. Nxc3 Kxg7 50. Ne2 Re5 51. Nf4 Ra5 52. g3 Ne4 53. Re1 Nd2 54. Kg2 Nc4 55. Re4 Nd6 56. Re7+ Kf8 57. Re6 Nf7 58. Nd3 Rb5 59. Re3 Kg7 60. Nf4 Ra5 61. Rb3 Nd6 62. Ne6+ Kf7 $2 (62... Kg6 63. Rb6 Nc8) 63. Nd4 (63. Nd8+ $142 Kg7 64. Nb7) 63... Ra4 64. Rd3 Kf6 $2 (64... Ra2 65. Kf3 Kf6) 65. f4 Ne4 66. Ne2 Ra2 67. Re3 Nd6 68. Kf3 Nf5 69. Rd3 Ne7 $2 (69... Kf7 70. Nd4 Ne7) 70. Nc3 Ra5 71. Ne4+ Kf7 72. g4 Ng6 73. Kg3 Ra4 74. Re3 Kf8 (74... Ra1 $142 75. Ng5+ Kg7) 75. f5 Ne5 76. Kf4 Nf7 77. Rd3 Ra1 78. g5 {[%cal Bg4g5,Bg5g6][%mdl 32]} Rf1+ 79. Rf3 Rh1 80. Rg3 $2 (80. g6 $18) 80... Rf1+ $1 $11 81. Rf3 $2 {[%mdl 8192]} (81. Ke3 $11 Rxf5 82. g6) 81... Rh1 $1 $18 82. g6 Rh4+ 83. Ke3 Ne5 {[#]} 84. Rf4 $2 ({White must play} 84. Rg3 $1 $18 {White wants to mate with g7+.} Nc4+ 85. Kd3 Ne5+ 86. Kd4) 84... Nc4+ 85. Kf3 Rh6 $2 {[%mdl 8192]} (85... Ne5+ $16 86. Kg3 Rh1) 86. Kg4 Ne5+ 87. Kg5 {White mates.} Rh1 88. Kf6 Nd7+ 89. Ke6 Nb6 90. f6 {Precision: White = 60%, Black = 35%.} 1-0

[Event "GCT Saint Louis Blitz 2018"]
[Site "Saint Louis"]
[Date "2018.08.14"]
[Round "14"]
[White "Vachier-Lagrave, Maxime"]
[Black "Mamedyarov, Shakhriyar"]
[Result "1-0"]
[WhiteElo "2878"]
[BlackElo "2795"]
[Annotator "TA"]
[PlyCount "133"]
[EventDate "2018.08.14"]
[EventType "tourn"]
[EventCountry "USA"]
[SourceTitle "playchess.com"]
[Source "ChessBase"]
[SourceQuality "1"]

{[%evp 15,133,5,14,2,26,0,0,-10,10,9,33,31,35,22,34,-7,0,-22,-11,-16,-12,-25,52,59,58,85,78,34,49,36,47,0,170,143,365,162,178,152,141,141,234,225,208,217,232,227,226,227,211,219,204,214,178,180,242,239,231,225,267,267,348,318,304,261,282,256,595,574,764,764,758,692,391,452,1088,943,1316,779,865,758,687,556,490,139,139,139,139,96,139,139,1063,131,138,76,138,138,138,138,1043,999,1554,1559,1537,1476,1477,1317,1220,139,139,138,6091,3333,6097,6035,4694,4003,1176,1199,29982,29983]} 1. e4 c6 2. d4 d5 3. e5 Bf5 4. Nf3 e6 5. Be2 Ne7 6. O-O c5 7. c4 Nbc6 8. dxc5 {B12: Caro-Kann: Advance Variation} dxc4 {LiveBook: 11 Games} (8... d4 9. Qb3 Qc7 10. Na3 a6 11. Rd1 Rd8 12. Nc2 Bxc2 13. Qxc2 Ng6 14. a3 Bxc5 15. b4 Ba7 {0-1 (55) Vachier Lagrave,M (2789)-Anand,V (2759) Leuven 2018}) 9. Na3 Nd5 10. Nxc4 {aiming for Nd6+.White has an edge.} Bxc5 11. Bg5 Qd7 12. a3 $146 ({Predecessor:} 12. Nh4 Bg6 13. Rc1 O-O 14. Nxg6 hxg6 15. Qd3 b5 16. Ne3 Bxe3 17. Bxe3 Nxe5 18. Qe4 Nc4 19. Bxc4 bxc4 20. Rxc4 Nxe3 21. Qxe3 {½-½ (21) Aalderink,G (2027)-Le Duigou,J (2048) LSS email 2011}) 12... O-O 13. b4 Bb6 14. Rc1 h6 15. Be3 Rfd8 16. Bxb6 Nxb6 17. Qxd7 Rxd7 18. Nd6 Bg4 (18... Nxe5 $1 $11 19. Nxb7 Nd3) 19. Bb5 $14 Bxf3 $1 20. gxf3 Rad8 21. Nxb7 Rxb7 22. Bxc6 Rc7 23. Be4 Nc4 $2 (23... Rc4 $11 {and Black is okay.}) 24. Rc3 $1 $18 {Threatens to win with Rfc1.} f5 $2 (24... Rcc8 $16) 25. exf6 (25. Bb1 $142) 25... gxf6 26. Rfc1 Rg7+ 27. Kf1 Nd2+ (27... Nb6 $16 28. Bc2 Re7) 28. Ke2 Nxe4 29. fxe4 {[%mdl 4096] Endgame KRR-KRR} Rd4 30. Ke3 Rgd7 31. Rc8+ Kf7 32. R8c7 Rd3+ 33. Ke2 $1 Rd2+ 34. Ke1 Rd1+ (34... h5 $142 35. Rxd7+ Rxd7) 35. Rxd1 Rxc7 {KR-KR} 36. Rd6 $1 a5 37. bxa5 {[%cal Bb4a5,Ba5a6][%mdl 32]} Rc3 38. a6 Rxa3 39. Ke2 h5 40. h4 f5 $2 (40... Ke7 41. Rb6 Kd7) 41. exf5 exf5 42. Rb6 Ke7 43. Rh6 Kf7 44. Kd2 Kg7 (44... f4 $142 45. Kc2 (45. Rxh5 Rxa6 46. Ke2 Ra3 $16) 45... Kg7) 45. Rb6 Rf3 46. Ke2 Rf4 47. a7 Ra4 48. Rb7+ Kf6 49. f4 $2 (49. Kd2 $18 Ke5 50. Kc3) 49... Ke6 $16 50. Kd3 Kd5 51. Re7 {Black must now prevent Kc3.} Ra3+ 52. Kc2 $1 Kc4 $2 {[%mdl 8192]} (52... Kd6 $16 53. Kb2 Ra5) 53. Kb2 $2 (53. Rc7+ $18 {is more deadly.} Kb4 54. Kd2) 53... Ra6 54. Rf7 (54. Rc7+ $142 Kb4 55. Kc2) 54... Rb6+ ({Better is} 54... Kd5 55. Kb3 (55. Rxf5+ Ke6 $16) 55... Ke4) 55. Kc2 Ra6 56. Rc7+ Kb5 $2 {[%mdl 8192]} (56... Kd5 $16 57. Kb3 Ra1) 57. Kd3 $18 Kb6 58. Rf7 Ra4 59. Kc3 Kc6 60. Kb3 Ra1 {[#]} 61. Kc4 $2 (61. Kb4 $1 $18 {is the precise move to win.} Rb1+ 62. Kc3) 61... Ra4+ $16 {[#]} 62. Kc3 $1 {And now Kb3 would win.} Kb6 $2 {[%mdl 8192]} (62... Kd5 $16 63. Rd7+ (63. Rxf5+ Ke6 $16) 63... Kc6) 63. Kb3 $18 Ra1 64. Kc4 Ra5 65. Kd4 Kc6 66. Rf6+ Kd7 67. Rf8 {Precision: White = 65%, Black = 36%.} 1-0

[Event "GCT Saint Louis Blitz 2018"]
[Site "Saint Louis"]
[Date "2018.08.14"]
[Round "14"]
[White "So, Wesley"]
[Black "Dominguez Perez, Leinier"]
[Result "1/2-1/2"]
[WhiteElo "2800"]
[BlackElo "2687"]
[Annotator "TA"]
[PlyCount "71"]
[EventDate "2018.08.14"]
[EventType "tourn"]
[EventCountry "USA"]
[SourceTitle "playchess.com"]
[Source "ChessBase"]
[SourceQuality "1"]

{[%evp 9,71,-35,-35,-33,-6,-23,-21,-18,2,-33,-13,-17,0,0,0,0,0,0,0,-7,31,39,76,91,96,76,77,54,60,60,79,11,9,11,4,0,7,8,5,0,12,-22,-22,-22,-22,-22,-22,-22,-22,-22,-22,-33,0,0,0,0,0,0,0,0,0,0,0,0]} 1. b3 d5 2. Bb2 Nf6 {[%cal Bg8f6,Bf6e4,Be4c3][%mdl 32]} 3. Nf3 e6 4. e3 Be7 5. g4 (5. d4 O-O 6. Bd3 b6 7. O-O Bb7 8. Nbd2 Nbd7 9. c4 Ne4 10. Qc2 f5 11. Ne5 Nxe5 12. dxe5 Nxd2 13. Qxd2 dxc4 14. bxc4 Be4 15. Rfd1 Bxd3 16. Qc3 Qe8 17. Rxd3 {1-0 (95) Nakamura,H (2777)-Hou,Y (2658) chess.com INT 2018}) 5... O-O {LiveBook: 3 Games} 6. g5 {A06: Réti Opening:1 Nf3 d5} Ne4 $146 ({Predecessor:} 6... Nfd7 7. h4 c5 8. c4 Nc6 9. d4 cxd4 10. exd4 Qa5+ 11. Nbd2 e5 12. a3 Nxd4 {½-½ (88) Larino Nieto,D (2469)-Ringoir,T (2511) Ibiza 2013}) 7. h4 c5 8. c4 Nc6 9. d3 Qa5+ 10. Nbd2 Nc3 11. Qc2 d4 12. a3 e5 13. Bxc3 dxc3 14. Ne4 Bg4 15. Nh2 Be6 16. Qxc3 Qc7 17. Nf3 Rad8 18. Bh3 Bxh3 19. Rxh3 Qd7 20. Rh1 (20. Rg3 $16) 20... Qxd3 $11 21. Qxd3 Rxd3 22. Rb1 f5 $132 {[%mdl 2048] Black has counterplay} 23. gxf6 $1 gxf6 24. Ke2 Rfd8 25. Rhd1 (25. Rhg1+ {keeps more tension.} Kf7 26. h5 R3d7 27. h6 Bf8 28. Rg3) 25... Rxd1 26. Rxd1 Rxd1 27. Kxd1 {[%mdl 4096] Endgame KBN-KNN} Kf7 28. Ng3 $1 Ke6 29. e4 Bf8 30. Nf5 Ne7 31. Ne3 {The position is equal.} Bh6 32. Nd5 Nc6 33. Nc7+ Kd7 34. Nd5 Ke6 35. Nc7+ Kd7 36. Nd5 {Precision: White = 84%, Black = 64%.} 1/2-1/2

[Event "GCT Saint Louis Blitz 2018"]
[Site "Saint Louis"]
[Date "2018.08.14"]
[Round "14"]
[White "Caruana, Fabiano"]
[Black "Anand, Viswanathan"]
[Result "1-0"]
[WhiteElo "2709"]
[BlackElo "2812"]
[Annotator "TA"]
[PlyCount "107"]
[EventDate "2018.08.14"]
[EventType "tourn"]
[EventCountry "USA"]
[SourceTitle "playchess.com"]
[Source "ChessBase"]
[SourceQuality "1"]

{[%evp 13,107,0,15,0,4,0,0,0,0,0,0,0,0,-15,-10,-8,-11,-14,0,-18,-6,-18,-9,-27,-16,-10,0,-8,-4,-16,12,19,4,0,0,0,0,0,0,0,20,-10,0,0,0,0,0,0,0,0,0,-14,12,0,0,0,14,7,20,14,48,77,127,127,128,85,197,186,185,142,175,135,118,7,7,7,14,14,10106,1228,12825,12825,12821,12821,12822,1397,828,146,12833,12834,12836,12835,12832,12836,12836,12837]} 1. c4 Nf6 2. Nc3 e6 3. e4 d5 4. e5 d4 5. exf6 dxc3 6. bxc3 Qxf6 {A18: English Opening: Flohr-Mikenas System (1 c4 Nf6 2 Nc3 e6 3 e4)} 7. Bd3 Bd7 {LiveBook: 3 Games} (7... Qe5+ {looks sharper.} 8. Be2 c5 9. d4 Qc7 10. Nf3 Bd6) 8. Nf3 Bc6 {The position is equal.} 9. Be2 $146 ({Predecessor:} 9. Bc2 Bxf3 10. Qxf3 Qxf3 11. gxf3 Nc6 12. Rb1 O-O-O 13. d4 g6 14. Ke2 {½-½ (30) Caruana,F (2822)-Nakamura,H (2769) Stavanger 2018}) 9... Bd6 10. d4 b6 11. O-O O-O 12. Bg5 Qg6 13. Qd2 h6 14. Bf4 Nd7 {[%cal Bb8d7,Bd7f6,Bf6e4][%mdl 32]} 15. Bg3 Nf6 16. Bd3 Be4 17. Bxe4 Nxe4 18. Qe3 Nxg3 19. hxg3 Qf5 20. a4 c5 21. a5 Rac8 22. axb6 axb6 23. Rfc1 Ra8 24. Rab1 Ra6 25. Rd1 Rfa8 26. d5 Re8 27. Rb2 Qg4 28. Qe2 Re7 29. Qf1 e5 30. Nh2 {[%cal Bf3h2,Bh2f1,Bf1e3][%mdl 32]} Qg6 31. Qe2 e4 32. Nf1 f5 33. Ne3 h5 34. Rdb1 $36 {[%mdl 2048] White has good play.} Be5 35. d6 Rd7 36. Rxb6 Rxb6 37. Rxb6 Rxd6 38. Rxd6 Bxd6 39. Qd1 f4 (39... Qe6 $16) 40. gxf4 $18 Bxf4 41. Qd5+ Qf7 42. Qxe4 Bxe3 43. Qxe3 {[%mdl 4096] Endgame KQ-KQ} (43. fxe3 $16 {Threatens to win with Qa8+.} Kf8 44. Qd5) 43... Qf5 $1 $11 44. Qd2 {[#] aiming for Qd5+.} Kh7 45. Qd5 Qg4 $2 {[%mdl 8192]} (45... g6 $11) 46. Qxc5 $18 h4 47. Qd4 Qg5 48. c5 h3 49. Qd3+ (49. Qe4+ $142 Kh8 50. c6) 49... Kg8 50. Qxh3 $2 {[#]} (50. Qc4+ $18 {and the rest is easy.} Kh8 51. g3) 50... Qxc5 $2 {[%mdl 8192]} (50... Qc1+ $16 51. Kh2 Qf4+ 52. g3 (52. Qg3 Qh6+ 53. Qh3 Qf4+ 54. g3 Qxf2+ 55. Qg2 Qxc5 $16) 52... Qxf2+ 53. Qg2 Qxc5) 51. Qe6+ {White is clearly winning.} Kh7 52. Qe4+ g6 53. c4 Qd6 54. g3 {Precision: White = 65%, Black = 42%.} 1-0

[Event "GCT Saint Louis Blitz 2018"]
[Site "Saint Louis"]
[Date "2018.08.14"]
[Round "15"]
[White "Vachier-Lagrave, Maxime"]
[Black "Caruana, Fabiano"]
[Result "1-0"]
[WhiteElo "2878"]
[BlackElo "2709"]
[Annotator "TA"]
[PlyCount "87"]
[EventDate "2018.08.14"]
[EventType "tourn"]
[EventCountry "USA"]
[SourceTitle "playchess.com"]
[Source "ChessBase"]
[SourceQuality "1"]

{[%evp 17,87,7,16,21,15,0,0,0,0,0,0,-17,0,0,28,22,29,0,0,0,0,0,0,0,0,0,0,0,0,-27,-22,-21,0,8,8,2,20,10,41,45,290,38,43,0,0,0,4,0,0,0,3,0,0,0,55,0,85,92,130,116,347,235,526,276,754,739,684,662,29995,16,29996,29997]} 1. e4 e5 2. Nf3 Nc6 3. Bb5 a6 4. Ba4 Nf6 5. O-O Be7 6. d3 b5 7. Bb3 d6 8. a3 O-O 9. Nc3 h6 {LiveBook: 28 Games. C77: Ruy Lopez: 3...a6 4 Ba4 Nf6, unusual lines} (9... Na5 10. Ba2 Be6 11. b4 Bxa2 12. Rxa2 Nc6 13. Bg5 Ng4 14. Bd2 Nf6 15. Bg5 Ng4 16. Bd2 Nf6 17. Bg5 {½-½ (17) Vachier Lagrave,M (2789)-Carlsen,M (2843) Stavanger 2018}) 10. Be3 Re8 11. a4 $146 ({Predecessor:} 11. h3 Bf8 12. Nd5 Be6 13. Qd2 Bxd5 14. exd5 Ne7 15. c4 Qb8 16. Bc2 Qb7 17. b3 {½-½ (34) Melamed,T (2318)-Hoepfl,T (2288) Deutschland 2017}) 11... b4 {The position is equal.} 12. Nd5 Na5 13. Ba2 Nxd5 14. Bxd5 c6 15. Ba2 c5 16. Nd2 Bg5 17. f4 (17. Bd5 {looks sharper.} Rb8 18. Qh5 Be6 19. b3 Qf6 20. Rae1) 17... exf4 18. Bxf4 Be6 19. Bxe6 Rxe6 20. Bxg5 Qxg5 21. Rf5 Qe7 22. Nf1 {[%cal Bd2f1,Bf1e3,Be3f5][%mdl 32]} Re5 23. Rf2 d5 24. exd5 Rxd5 25. Qf3 Rad8 $1 26. Ne3 Re5 27. Nf5 $1 {[%cal Rf5e7]} Re1+ 28. Rxe1 Qxe1+ 29. Rf1 Qe5 30. c3 bxc3 31. bxc3 Kh7 32. d4 cxd4 33. cxd4 Qe6 34. Qc3 $36 {[%mdl 2048] Black must now prevent d5. White has good play.} Rd5 35. Ne3 Rg5 ({Better is} 35... Rd7 $11) 36. d5 ({White should play} 36. Qd3+ $14 Rg6 37. d5) 36... Qe5 {[#]} (36... Qe4 $11) 37. Qd3+ $1 $16 Kg8 38. d6 {[%cal Bd5d6,Bd6d7][%mdl 32]} Nc6 $2 (38... Nb7 $16) 39. d7 Qe7 $2 (39... Nd8 40. Rc1 Kf8) 40. Nf5 $18 Qc5+ $2 {[#]} (40... Qe6 41. d8=Q+ Nxd8) 41. Kh1 $1 Nd8 42. Qe4 {And now Qe8+ would win.} Qb6 43. Qe8+ Kh7 {aiming for ...Rxf5!} 44. Ne7 {Precision: White = 82%, Black = 47%.} 1-0

[Event "GCT Saint Louis Blitz 2018"]
[Site "Saint Louis"]
[Date "2018.08.14"]
[Round "15"]
[White "Aronian, Levon"]
[Black "So, Wesley"]
[Result "1-0"]
[WhiteElo "2871"]
[BlackElo "2800"]
[Annotator "TA"]
[PlyCount "67"]
[EventDate "2018.08.14"]
[EventType "tourn"]
[EventCountry "USA"]
[SourceTitle "playchess.com"]
[Source "ChessBase"]
[SourceQuality "1"]

{[%evp 21,67,-7,0,0,-7,-9,26,14,20,29,112,87,147,137,125,138,150,131,189,174,214,214,288,310,313,297,512,529,1235,609,619,608,614,602,652,563,1014,739,730,731,717,718,716,711,709,693,29993,29994]} 1. e4 c5 2. Nf3 d6 3. d4 cxd4 4. Nxd4 Nf6 5. Nc3 a6 6. Be3 e5 7. Nb3 Be6 8. f3 Nbd7 9. g4 {[%cal Bg2g4,Bg4g5][%mdl 32]} b5 10. g5 {B90: Sicilian Najdorf: Unusual White 6th moves, 6 Be3 Ng4 and 6 Be3 e5} b4 11. Ne2 Ng8 {LiveBook: 7 Games} 12. f4 {The position is equal.} (12. h4 h6 13. Bg2 hxg5 14. hxg5 Rxh1+ 15. Bxh1 Nb6 16. Qd3 Be7 17. f4 Nc4 {½-½ (104) Zhigalko,S (2639)-Sutovsky,E (2650) Poikovsky 2017}) 12... h6 13. f5 Bc4 (13... Bxb3 $5 14. axb3 hxg5 $11) 14. g6 {[#] Hoping for Ng3.} fxg6 15. Ng3 Bxf1 $146 (15... Bf7 $11 {keeps the balance.}) ({Predecessor:} 15... Bf7 16. fxg6 Bxg6 17. Bc4 Ngf6 {0-1 (68) Domingo,J (1920)-Riha,J (2022) FICGS email 2011}) 16. Rxf1 $16 Ngf6 (16... g5 $142) 17. fxg6 Qc7 18. Qd3 $36 {[%mdl 2048] Keeping Black busy.} Rc8 19. O-O-O Qc4 (19... a5 $16 {keeps fighting.} 20. Nd2 Ng4) 20. Kb1 $18 Qxd3 21. cxd3 ({Much less strong is} 21. Rxd3 $6 Rg8 $16) 21... Be7 22. Nf5 Bf8 23. Rc1 {[%cal Rc1c8]} Ra8 $2 (23... Kd8 24. Na5 Rc7 25. Nc6+ Kc8 26. Nxb4 Rxc1+ 27. Rxc1+ Kb7) 24. Rc6 d5 25. Re6+ (25. Rfc1 $142 Nc5 26. Nxc5) 25... Kd8 26. Na5 d4 {[#]} 27. Bxh6 $1 {[%mdl 512]} gxh6 28. Rc1 {[%cal Ra5b7]} Nc5 29. g7 Bxg7 30. Rxc5 {Nb7+ would kill now.} Bf8 31. Nb7+ Kd7 32. Rxf6 {Rd5+ is the strong threat.} Bxc5 33. Nxc5+ Kd8 34. Rf7 {Precision: White = 83%, Black = 37%.} 1-0

[Event "GCT Saint Louis Blitz 2018"]
[Site "Saint Louis"]
[Date "2018.08.14"]
[Round "15"]
[White "Grischuk, Alexander"]
[Black "Anand, Viswanathan"]
[Result "1/2-1/2"]
[WhiteElo "2831"]
[BlackElo "2812"]
[Annotator "TA"]
[PlyCount "43"]
[EventDate "2018.08.14"]
[EventType "tourn"]
[EventCountry "USA"]
[SourceTitle "playchess.com"]
[Source "ChessBase"]
[SourceQuality "1"]

{[%evp 24,43,12,21,25,0,0,-2,7,-9,0,0,0,0,5,0,0,0,0,0,0,0]} 1. c4 {Krasenkow,M} Nf6 2. Nc3 e6 3. Nf3 d5 4. d4 Be7 5. Bf4 O-O 6. e3 c5 7. dxc5 Bxc5 8. cxd5 Nxd5 9. Nxd5 exd5 10. Bd3 Bb4+ {D37: Queen's Gambit Declined: 5 Bf4} 11. Nd2 Nc6 12. O-O Be7 13. Rc1 {[#] LiveBook: 4 Games} Qb6 $146 ({Predecessor:} 13... Bf6 14. Nf3 Qe7 15. h3 g6 16. Bb5 Bd7 17. Qxd5 Be6 18. Qe4 Bxb2 19. Bxc6 {½-½ (94) Carlsen,M (2822)-Nakamura,H (2792) Saint Louis 2017 CBM 180 [Krasenkow,M]}) 14. Nb3 (14. b3 {feels hotter.} g6 15. Nf3 Re8 16. h3 Be6 17. Ng5) 14... g6 {The position is equal.} 15. Qd2 Be6 16. Bb1 Rfd8 17. Nd4 Nxd4 18. exd4 {Threatening Bc7.} Rdc8 19. a3 Bf6 20. Be3 Rxc1 21. Rxc1 Rc8 22. Rxc8+ 1/2-1/2

[Event "GCT Saint Louis Blitz 2018"]
[Site "Saint Louis"]
[Date "2018.08.14"]
[Round "15"]
[White "Mamedyarov, Shakhriyar"]
[Black "Karjakin, Sergey"]
[Result "1-0"]
[WhiteElo "2795"]
[BlackElo "2898"]
[Annotator "TA"]
[PlyCount "57"]
[EventDate "2018.08.14"]
[EventType "tourn"]
[EventCountry "USA"]
[SourceTitle "playchess.com"]
[Source "ChessBase"]
[SourceQuality "1"]

{[%evp 9,57,11,14,-27,-21,-33,-30,-41,4,-26,-12,-28,-25,-34,-14,-42,0,-1,59,-48,-18,-46,-32,-241,-65,-65,-60,-100,-71,-121,-84,-78,0,-13,103,116,572,575,1277,1207,2932,2172,1933,1533,29988,29989,29989,29990,29992,29993]} 1. c4 Nf6 2. Nf3 e6 3. e3 Be7 (3... d5 4. b3 c5 5. Bb2 Nc6 6. cxd5 exd5 7. d4 cxd4 8. Nxd4 Bb4+ 9. Bc3 Qb6 10. Bb5 O-O 11. Nxc6 Bxc3+ 12. Nxc3 bxc6 13. Be2 c5 14. O-O Be6 15. Na4 {½-½ (81) Sambuev,B (2522)-Wei,Y (2753) Tbilisi 2017}) 4. b3 O-O 5. Bb2 b6 {LiveBook: 15 Games} 6. Rg1 $146 {A13: English Opening: 1...e6} ({Predecessor:} 6. Be2 d5 7. cxd5 Nxd5 8. O-O c5 9. d4 cxd4 10. Nxd4 Bb7 11. Nc3 Ba3 12. Bxa3 Nxc3 13. Qc2 Nxe2+ 14. Qxe2 Qd5 15. Qg4 Rd8 16. Bb2 Qe4 17. Qxe4 Bxe4 18. f3 Bb7 19. Rac1 {1-0 (90) Grachev,B (2628)-Savchenko,B (2613) Moscow 2016}) 6... d5 7. g4 $1 c5 8. g5 {Black has an edge.} Ne4 9. d3 Nd6 10. h4 Nc6 11. Nbd2 Bb7 12. Bh3 Nb4 13. Ne5 d4 (13... dxc4 $11 14. bxc4 Nf5 15. Bxf5 exf5) 14. Ndf3 (14. exd4 $14 cxd4 15. a3) 14... dxe3 15. fxe3 Nf5 16. Ke2 $2 {[#]} (16. e4 $15) 16... Qc7 $2 (16... f6 $1 $19 {[%cal Rf6e5]} 17. Bxf5 exf5) 17. a3 $15 Nc6 {...Nxe5 is the strong threat.} 18. Qf1 Rad8 {Hoping for ...Nxe5.} 19. Qf2 Nxe5 20. Nxe5 {[%cal Bf3e5,Be5g4,Bg4h6][%mdl 32]} Bd6 ({Black should try} 20... f6 $17 21. gxf6 Bxf6) 21. Ng4 $1 $11 {[%cal Rg4h6] Threatens to win with Nh6+!} Bg3 {[#]} (21... Kh8 $11 {remains equal.}) 22. Nh6+ $1 $16 {[%mdl 512]} gxh6 $2 {[%mdl 8192]} (22... Kh8 $16 23. Bxg7+ Kxg7 24. Nxf5+ exf5 25. Qxg3 f4 26. Qxf4 Qxf4 27. exf4 Rd4) (22... Nxh6 23. gxh6) 23. gxh6 $18 f6 24. Bxf5 exf5 25. Rxg3+ Kh8 26. Rg7 Qd6 27. Qxf5 {[%csl Gg7][%cal Rf5h7] White mates.} Qh2+ 28. Kd1 {[%csl Gg7][%cal Rf5h7]} Bf3+ 29. Kc1 {Precision: White = 38%, Black = 21%.} 1-0